书目信息 |
| 题名: |
中学基础知识手册
|
|
| 作者: | 宗震益 , 黄尔修huang er xiu 编著 | |
| 分册: | 历史 | |
| 出版信息: | 上海 上海教育出版社 1979 |
|
| 页数: | 346页 | |
| 开本: | 19cm | |
| 丛书名: | ||
| 单 册: | ||
| 中图分类: | G634.51 | |
| 科图分类: | ||
| 主题词: | 历史课--中学--教学参考资料 | |
| 电子资源: | ||
| ISBN: | ||
| 000 | 00679nam0 2200241 45 | |
| 001 | 0179004532 | |
| 005 | 20070730144922.37 | |
| 010 | @dCNY0.80 | |
| 091 | @aCN@b7150.2212 | |
| 100 | @a19950718d1979 de y0chiy0121 ea | |
| 101 | 0 | @achi |
| 102 | @aCN@b310000 | |
| 105 | @ay z 000yy | |
| 200 | 10 | @a中学基础知识手册@Azhong xue ji chu zhi shi shou ce@i历史@f宗震益 黄尔修编著 |
| 210 | @a上海@c上海教育出版社@d1979@h1980 | |
| 215 | @a346页@d19cm | |
| 606 | @a历史课@x中学@x教学参考资料 | |
| 610 | 0 | @a手册 |
| 690 | @aG634.51@v3 | |
| 701 | 0 | @a宗震益@Azong zhen yi@4编著 |
| 701 | 0 | @a黄尔修huang er xiu@4编著 |
| 801 | 0 | @aCN@bTSSF@c20070730 |
| 905 | @a10447@dG634.51@e1025 | |
| 中学基础知识手册.历史/宗震益 黄尔修编著.-上海:上海教育出版社,1979(1980) |
| 346页;19cm |
| ISBN :CNY0.80 |
| ● |
| 相关链接 |
|
|
|
|
正题名:中学基础知识手册
索取号:G634.51/1025
 
预约/预借
| 序号 | 登录号 | 条形码 | 馆藏地/架位号 | 状态 | 备注 |
| 1 | 0032141 | 202179748 | 密集书库/ [索取号:G634.51/1025] | 在馆 | |
| 2 | 0787416 | 207874166 | 第一样本阅览室/ [索取号:G634.51/1025] | 在馆 |